Využitie funkcie jednej premennej v ekonomickej analýze bakalárska práca

Guardado en:
Detalles Bibliográficos
Autor principal: Melicherová, Natália
Autor Corporativo: Fakulta hospodárskej informatiky EU. Katedra matematiky a aktuárstva
Otros Autores: Pinda, Martin
Formato: Libro
Lenguaje:eslovaco
Publicado: Bratislava 2017
Etiquetas: Agregar Etiqueta
Sin Etiquetas, Sea el primero en etiquetar este registro!

MARC

LEADER 00000nbm a2200000 4500
001 0233122
005 20171005140801.0
041 0 |a slo 
044 |a SK 
245 1 0 |a Využitie funkcie jednej premennej v ekonomickej analýze  |b bakalárska práca  |c Natália Melicherová ; školiteľ: Martin Pinda 
264 1 |a Bratislava  |c 2017 
300 |a 38 s. 
100 1 |a Melicherová, Natália 
700 1 |a Pinda, Martin 
710 2 |a Fakulta hospodárskej informatiky EU. Katedra matematiky a aktuárstva